Solidarität und Hilfe für Jüden während der NS-Zeit. Regionalstudien 3, Dänemark, Niederlande, Spanien, Portugal, Ungarn, Albanien, Weissrussland
Record details
- ISBN: 3-932482-18-2 (v. 3)
- Physical Description: 323 S. ; 22 cm
- Publisher: Berlin : Metropol, c1999
Content descriptions
| Bibliography, etc. Note: | Includes bibliographical references and indexes. |
| Formatted Contents Note: | 1. Regionalstudien Polen, Rumänien, Griechenland, Luxemburg, Norwegen, Schweiz / Wolfgang Benz, Juliane Wetzel (Hrsg.)-- 2. Regionalstudien Ukraine, Frankreich, Böhmen und Mähren, Österreich, Lettland, Litauen, Estland / Wolfgang Benz, Juliane Wetzel (Hrsg.) -- 3. Regionalstudien Dänemark, Niederlande, Spanien, Portugal, Ungarn, Albanien, Weissrussland / Wolfgang Benz, Juliane Wetzel (Hrsg.) -- 4. Rettung im Holocaust, Bedingungen und Erfahrungen des Überlebens / Wolfgang Benz, Mona Körte (Hrsg.) -- 5. Überleben im Untergrund / Beate Kosmala, Claudia Schoppmann (Hrsg.) -- 6. Villa Emma / Klaus Voigt -- 7. Regionalstudien Slowakei, Bulgarien, Serbien, Kroatien mit Bosnien und Herzegowina, Belgien, Italien / Wolfgang Benz, Juliane Wetzel (Hrsg.). |
Search for related items by series
Available copies
- 1 of 1 copy available at Common Catalog SPOK.
Holds
- 0 current holds with 1 total copy.
Show Only Available Copies
| Location | Call Number / Copy Notes | Barcode | Shelving Location | Status | Due Date |
|---|---|---|---|---|---|
| Terezin Initiative Institute | 2655 | 4594302655 | Knihovna ITI | Available | - |
| LDR | 02473cam a2200457 a 4500 | ||
|---|---|---|---|
| 001 | 49538 | ||
| 003 | CZ-PrJAB | ||
| 005 | 20221116122023.0 | ||
| 008 | 961112s1999 gw b 001 0 ger d | ||
| 020 | . | ‡a3-932482-18-2 (v. 3) | |
| 035 | . | ‡a(DLC) 96219241 | |
| 035 | . | ‡a(NjP)notisCCH2424 | |
| 035 | . | ‡a(CStRLIN)NJPG96-B58165 | |
| 040 | . | ‡aNjP ‡cNjP ‡dDLC | |
| 245 | 0 | 0. | ‡aSolidarität und Hilfe für Jüden während der NS-Zeit. ‡nRegionalstudien 3, ‡pDänemark, Niederlande, Spanien, Portugal, Ungarn, Albanien, Weissrussland |
| 260 | . | ‡aBerlin : ‡bMetropol, ‡cc1999 | |
| 300 | . | ‡a323 S. ; ‡c22 cm | |
| 490 | 1 | . | ‡aReihe Solidarität und Hilfe ; ‡vBd. 3 |
| 504 | . | ‡aIncludes bibliographical references and indexes. | |
| 505 | 0 | . | ‡a1. Regionalstudien Polen, Rumänien, Griechenland, Luxemburg, Norwegen, Schweiz / Wolfgang Benz, Juliane Wetzel (Hrsg.)-- 2. Regionalstudien Ukraine, Frankreich, Böhmen und Mähren, Österreich, Lettland, Litauen, Estland / Wolfgang Benz, Juliane Wetzel (Hrsg.) -- 3. Regionalstudien Dänemark, Niederlande, Spanien, Portugal, Ungarn, Albanien, Weissrussland / Wolfgang Benz, Juliane Wetzel (Hrsg.) -- 4. Rettung im Holocaust, Bedingungen und Erfahrungen des Überlebens / Wolfgang Benz, Mona Körte (Hrsg.) -- 5. Überleben im Untergrund / Beate Kosmala, Claudia Schoppmann (Hrsg.) -- 6. Villa Emma / Klaus Voigt -- 7. Regionalstudien Slowakei, Bulgarien, Serbien, Kroatien mit Bosnien und Herzegowina, Belgien, Italien / Wolfgang Benz, Juliane Wetzel (Hrsg.). |
| 700 | 1 | . | ‡aBenz, Wolfgang ‡4com |
| 700 | 1 | . | ‡aWetzel, Juliane ‡4com |
| 910 | . | ‡aABE340 ‡b2655 | |
| 995 | . | ‡aska | |
| 901 | . | ‡a49538 ‡bAUTOGEN ‡c49538 ‡tbiblio | |